Appropriate technology directory /
Guardado en:
| Autor Principal: | |
|---|---|
| Autor Corporativo: | |
| Otros Autores: | |
| Formato: | Libro |
| Idioma: | English |
| Publicado: |
Paris :
Development Centre of the Organisation for Economic Co-operation and Development (OECD),
1979.
|
| Series: | Development Centre studies
|
| Materias: | |
| Etiquetas: |
Agregar Etiqueta
Sin Etiquetas, Sea el primero en etiquetar este registro!
|
| LEADER | 01058cam a22002775a 4500 | ||
|---|---|---|---|
| 001 | EIQ.libpla000114 | ||
| 008 | 800213s19791984fr#######r###i001#0#eng#d | ||
| 005 | 20071217151556.0 | ||
| 245 | 1 | 0 | |a Appropriate technology directory / |c by Nicolas Jéquier ; with the assistance of Gérard Blanc. |
| 260 | |a Paris : |b Development Centre of the Organisation for Economic Co-operation and Development (OECD), |c 1979. | ||
| 300 | |a 361 p. ; |c 27 cm. | ||
| 440 | 0 | |a Development Centre studies | |
| 500 | |a Incluye índice. | ||
| 020 | |a 9264119620 | ||
| 100 | 1 | |a Jéquier, Nicolas, |d 1941- | |
| 700 | 1 | |a Blanc, Gérard. |4 clb | |
| 710 | 2 | |a Organisation for Economic Co-operation and Development. |b Development Centre. | |
| 043 | |a d------ | ||
| 082 | 0 | 0 | |a 338.9/27/025 |2 19 |
| 650 | 4 | |a Tecnología |x Directorios. | |
| 650 | 4 | |a Países en desarrollo |z Tecnología. | |
| 650 | 4 | |a Appropriate technology |x Directories. | |
| 650 | 4 | |a Developing countries |z Technology. | |
| 010 | |a 80450028 | ||
| 040 | |a DLC |c DLC |d AR-BbSID | ||
| 859 | |a AR-BbSID |b BIB. PLAPIQUI |h 338.476 |i Je 34 |p 2447 | ||
